000 nam a22 7a 4500
999 _c8862
_d8862
008 180120b ||||| |||| 00| 0 eng d
100 _aSally
_95183
245 _aScience
260 _aNew Delhi
_bGoyal
_c2009